000 00775nam a22001817a 4500
005 20251108170901.0
008 250721s1996 xx 000 0 ara d
082 1 4 _a020.92/ندو
111 2 _aندوة رواد الحركة المكتبية في الوطن العربي و الحضارة الإسلامية ( 1996 : عمان )
245 1 0 _aأبحاث ندوة رواد الحركة المكتبة في الوطن العربي و الحضارة الإسلامية /
264 1 _aعمان :
_bجمعية المكتبات الأردنية،
_c1996.
650 1 7 _aالمكتبات
650 1 7 _aالبلدان العربية
650 1 7 _aالمكتبيون
710 2 _aجمعية المكتبات الأردنية
_eإعداد
942 _2ddc
_cBK
999 _c51281
_d51281